Statistiken für Die 10 Erfolgreichsten PlayStation 2 Spiele

Klicken Sie hier um das Quiz zu spielen!

Allgemein

  • Dieses Quiz wurde 128 mal gespielt
  • Das Durchschnittsergebnis liegt bei 3 aus 10

Antwortstatistiken

PlatzSpielVerkaufte EinheitenJahr% Korrekt
1Grand Theft Auto: San Andreas20,81 Millionen2004
82%
4Grand Theft Auto III13,10 Millionen2001
61%
2Grand Theft Auto: Vice City16,15 Millionen2002
61%
7Need for Speed: Underground7,20 Millionen2003
30%
6Final Fantasy X8,60 Millionen2001
27%
3Gran Turismo 314,98 Millionen2001
24%
5Gran Turismo 411,76 Millionen2004
23%
8Need for Speed: Underground 26,90 Millionen2004
21%
10Kingdom Hearts6,40 Millionen2002
12%
9Medal of Honor: Frontline6,83 Millionen2002
2%

Verteilung der Resultate

Perzentil nach korrekt beantworteten Fragen

Anzahl Personen mit jedem Resultat

Ihre Resultats-Entwicklung

Sie haben dieses Quiz noch nicht gespielt